[Event "Eastern Asia-ch U14"]
[White "Samadarshi, Pramanik"]
[Black "Oishik, Kundu"]
[Site "Tornelo INT"]
[Round "7"]
[Result "1-0"]
[Date "2021.10.31"]
[WhiteElo "1036"]
[BlackElo "1185"]
[PlyCount "103"]
[EventDate "2021.10.29"]
[EventType "swiss"]
[EventRounds "9"]
[EventCountry "NET"]
[SourceTitle "EXT 2023"]
[Source "ChessBase"]
[SourceDate "2022.10.05"]
[SourceVersion "1"]
[SourceVersionDate "2022.10.05"]
[SourceQuality "1"]

1. d4 Nf6 2. c4 g6 3. Nc3 Bg7 4. e4 d6 5. Nf3 Bg4 6. Be2 Bxf3 7. Bxf3 Nbd7 8. Bg5 0-0 9. 0-0 e5 10. d5 Nb6 11. Be2 Qd7 12. b4 c6 13. f3 Ne8 14. Qb3 h6 15. Be3 Kh8 16. c5 Nc8 17. Rfd1 f5 18. Bc4 f4 19. Bf2 Nf6 20. dxc6 bxc6 21. Be6 Qb7 22. Bxc8 Raxc8 23. Rxd6 Rcd8 24. Rad1 Qc7 25. Rxd8 Rxd8 26. Rxd8+ Qxd8 27. Qd1 Qc7 28. Qd6 Qxd6 29. cxd6 Bf8 30. Bc5 Nd7 31. Na4 Kg7 32. Nb2 Kf6 33. Nc4 g5 34. Kf2 h5 35. h3 Ke6 36. Ke2 Nb6 37. Nxb6 axb6 38. Bxb6 Bxd6 39. Bc5 Bc7 40. Kd3 Kf6 41. Kc4 g4 42. hxg4 hxg4 43. b5 cxb5+ 44. Kxb5 Kg5 45. Be7+ Kh5 46. a4 gxf3 47. gxf3 Kg6 48. a5 Kf7 49. Bc5 Ke6 50. Bb6 Bb8 51. Kc6 Bd6 52. a6 1-0